000 00385nam a2200145Ia 4500
008 230917s9999||||xx |||||||||||||| ||und||
040 _e215176
_aMAIN
041 _aEnglish
082 _a363.7 S32E
100 _aSpellman, Frank R
245 0 _aEnvironmental science: Principles and practices
260 _aLanham
_bThe Scarecrow Press
_c2013
300 _axxi, 709 p.
942 _cBK
999 _c178515
_d178515